| 000 | 00870nam a22001577a 4500 | ||
|---|---|---|---|
| 003 | OSt | ||
| 005 | 20151008161045.0 | ||
| 008 | 151008b xxu||||| |||| 00| 0 eng d | ||
| 040 | _cRUA | ||
| 082 | _aAVM EAM 2007 B080 BH Or.1 | ||
| 100 |
_92383 _aEAM, YOULACH. |
||
| 245 | _aEffect of broken rice in concentrate on growth rate of broiler chicken (avian) at royal university of agriculture, ប្រសិទ្ធភាពនៃការប្រើប្រាស់ចុងអង្ករនៅក្នុងចំណីផ្សំទៅលើការលូតលាស់របស់មាន់សាច់ពុជ avian នៅស្ថានីយ៏ចញ្ចឹមសត្វនៃសាកលវិទ្យាល័យភូមិន្ទកសិកម្ម | ||
| 260 |
_aPhnom Penh _bRUA _c2007 |
||
| 300 |
_aix; 45p. _bill. _c29cm. |
||
| 942 |
_2ddc _cAVM |
||
| 999 |
_c2246 _d2246 |
||